000 00904cam a22002654a 4500
001 12043517
005 20180109072608.0
008 000616s2001 ilua b 001 0 eng
010 _a 00056287
020 _a0809323729 (cloth : alk. paper)
020 _a0809323737 (pbk. : alk. paper)
040 _aDLC
_cDLC
_dDLC
041 _aeng
042 _apcc
043 _an-us---
080 _a346.730
082 0 0 _a346.730 HER
_221
100 1 _a46
101 _aEDU
245 1 0 _aControlling voices :
_cTyAnna K. Herrington ; with a foreword by Jay David Bolter.
504 _aIncludes bibliographical references (p. 159-165) and index.
906 _a7
_bcbc
_corignew
_d1
_eocip
_f20
_gy-gencatlg
942 _2ddc
_cBK
999 _c39909
_d39909